000 00343nam a22001457a 4500
020 _a9788120341890
082 _a535 SIN
100 _aSingh, Devraj
245 _aFundamentals of optics
260 _aNew Delhi, India
_bPHI Learning
_c2010
300 _axviii, 429 p.
_bill. ;
500 _aIncludes index.
650 _aOptics.
942 _cBK
999 _c12383
_d12383